00401nam a2200145Ia 4500008004100000020001400041050002300055245002400078250004000102300003400142500002000176650001300196700003100209999001500240151015s9999 xx 000 0 und d a140424423 aPR 5866 .A35 2004  aWordsworth William  a_Selected Poems William Wordsworth  aLondon Penguin classics 2004  aIncludes Index  a_Poetry  a^d20110405 10:04:08^okorir c1723d1723